Kader SV Werder Bremen - Statistiken

Allgemein
  • Dieses Quiz wurde 854 mal gespielt
    501 seit der letzten Aktualisierung
  • Das Durchschnittsergebnis liegt bei 18 aus 28
Antwortstatistiken
# Spieler % Korrekt
1 Jiri Pavlenka
96%
7 Marvin Ducksch
95%
11 Niclas Füllkrug
88%
10 Leonardo Bittencourt
86%
8 Mitchell Weiser
86%
4 Niklas Stark
83%
3 Anthony Jung
81%
Ole Werner
81%
20 Romano Schmid
81%
5 Amos Pieper
79%
32 Marco Friedl
78%
6 Jens Stage
77%
30 Michael Zetterer
76%
36 Christian Groß
72%
27 Felix Agu
69%
17 Justin Njinmah
63%
29 Nick Woltemade
63%
22 Niklas Schmidt
62%
13 Miloš Veljković
61%
9 Dawid Kownacki
57%
18 Naby Keïta
56%
24 Oliver Burke
53%
38 Dudu
36%
28 Ilia Gruev
32%
23 Nicolai Rapp
32%
26 Lee Buchanan
31%
34 Jean Manuel Mbom
29%
19 Dikeni Salifou
20%
Keine übereinstimmenden Quizze gefunden
Verteilung der Resultate
Anzahl Personen mit jedem Resultat
Perzentil nach korrekt beantworteten Fragen
Ihre Resultats-Entwicklung
Sie haben dieses Quiz seit der letzten Aktualisierung nicht gespielt